Normal view
MARC view
Entry Topical Term
001 - CONTROL NUMBER
- control field: 50639
003 - CONTROL NUMBER IDENTIFIER
- control field: ARRUPE
005 - DATE AND TIME OF LATEST TRANSACTION
- control field: 20211026103352.0
008 - FIXED-LENGTH DATA ELEMENTS
- fixed length control field: 211026|| aca||aabn | a|a d
040 ## - CATALOGING SOURCE
- Original cataloging agency: ARRUPE
- Transcribing agency: ARRUPE
150 ## - HEADING--TOPICAL TERM
- Topical term or geographic name as entry element: Graph theory
- General subdivision: Outlines, syllabi, etc
670 ## - SOURCE DATA FOUND
- Source citation: Work cat.: (ARRUPE)0: Balakrishnan, V. K., 1931- 50637, Schaum's outline of theory and problems of graph theory /, c1997.